Laureat «Kur`jera Kryvbasu»

Bibliographic Details
Format: Article
Language:Ukrainian
PhysicalDescription:Fotogr.
Subjects:
Online Access:www.rusini-ukrajinci.tym.sk

MARC

LEADER 00000nab a2200000 a 4500
001 vtls010280498
003 SK-MaSNL
005 20260318114327.0
008 110523c2011 xo wr p 000 c0ukr
015 |a SNBRB2011/05 
038 |a SVKPOCL 
040 |a SVKPOCL  |b slo  |c SVKPOCL  |e AACR2 
041 0 |a ukr 
044 |a xo  |c SK 
080 |a 070.488(477)  |2 2001 
080 |a 821.161.2 (437.6)-32  |2 2001 
080 |a 929 Jackanin, Ivan  |2 2001 
245 0 0 |a Laureat «Kur`jera Kryvbasu»  |c [avtor] (r) 
300 |b Fotogr. 
500 |a Päť noviel ukrajinského spisovateľa Slovenska Ivana Jackanina boli uverejnené v časopise Kur`jer Kryvbasu [Krivoj Rog (Ukrajina)]. - Č. lystopad-hruden' (2010) 
600 1 7 |a Jackanin, Ivan,  |d 1950-  |2 svkpocl  |9 103637 
630 0 7 |a Kur`jer Kryvbasu (ukrajinský literárny časopis)  |z Krivoj Rog (Ukrajina)  |2 svkpocl  |9 1628809 
650 0 7 |a literárne časopisy  |z Ukrajina  |2 svkpocl  |9 1628684 
650 0 7 |a ukrajinská literatúra  |z Slovensko  |2 svkpocl  |9 306583 
650 0 7 |a ukrajinská próza  |2 svkpocl  |9 82745 
651 7 |a Krivoj Rog (Ukrajina)  |2 svkpocl  |9 30881 
740 0 2 |a U ližku nebižčyka 
740 0 2 |a Kanarejka 
740 0 2 |a Na očach voždiv 
740 0 2 |a Synok 
740 0 2 |a Osinnij peron 
773 0 |t Nove žyttja  |g Roč. 61, č. 5-6 (2011), s. 7 
852 |a SVKPO  |b KIS3GCP 
856 4 1 |u www.rusini-ukrajinci.tym.sk 
958 |a UK 
958 |a SK 
958 |a LX 
958 |a UA 
958 |a BX 
999 |c 3362001  |d 3363931